La reine Marie-Christine (Record no. 130732)

MARC details
000 -LEADER
campo de control de longitud fija 00813nam a2200205 i 4500
001 - NÚMERO DE CONTROL
campo de control 130732
003 - IDENTIFICADOR DE NÚMERO DE CONTROL
campo de control ES-MaACL
005 - FECHA Y HORA DE LA ÚLTIMA TRANSACCIÓN
campo de control 20250826014846.0
007 - CAMPO FIJO DE DESCRIPCIÓN FÍSICA--INFORMACIÓN GENERAL
campo de control de longitud fija t|
008 - DATOS DE LONGITUD FIJA--INFORMACIÓN GENERAL
campo de control de longitud fija 070807s1934 fr |||| |bfre d
080 ## - NÚMERO DE LA CLASIFICACIÓN DECIMAL UNIVERSAL
Número de la Clasificación Decimal Universal 929 María Cristina de Habsburgo(460)
100 1# - ENTRADA PRINCIPAL--NOMBRE DE PERSONA
Nombre de persona Romanones, Álvaro de Figueroa y Torres,
Títulos y otros términos asociados al nombre Conde de,
Fechas asociadas al nombre 1863-1950
9 (RLIN) 99264
245 13 - MENCIÓN DEL TÍTULO
Título La reine Marie-Christine
Resto del título : régente d'Espagne /
Mención de responsabilidad, etc. Comte de Romanones ; traduction et preface d'André Mévil.
260 ## - PUBLICACIÓN, DISTRIBUCIÓN, ETC.
Lugar de publicación, distribución, etc. Paris :
Nombre del editor, distribuidor, etc. Librairie Plon,
Fecha de publicación, distribución, etc. [1934]
300 ## - DESCRIPCIÓN FÍSICA
Extensión 207 p. ;
Dimensiones 19 cm.
600 04 - PUNTO DE ACCESO ADICIONAL DE MATERIA--NOMBRE DE PERSONA
Nombre de persona María Cristina de Habsburgo-Lorena,
Títulos y otros términos asociados al nombre Reina consorte de Alfonso XII, Rey de España,
Fechas asociadas al nombre 1858-1929
9 (RLIN) 76659
700 1# - ENTRADA AGREGADA--NOMBRE PERSONAL
Nombre de persona Mévil, André.
9 (RLIN) 80767
852 ## - LOCALIZACIÓN
Ubicación ES-MaACL
Número de control de estantería E-11913
Nota libre . - Biblioteca Jacinto Martínez Lacalle
Holdings
Estatus retirado Estado de pérdida Estado de daño No para préstamo Biblioteca de origen Biblioteca actual Ubicación en estantería Fecha de adquisición Fuente de adquisición Total de préstamos Signatura topográfica completa Código de barras Visto por última vez Precio de reemplazo Tipo de ítem Koha
        Biblioteca del Ateneo de Madrid Biblioteca del Ateneo de Madrid Depósito 2 17/01/2008     E-11913 1136114 23/02/2023 23/02/2023 Libro impreso